000 00915nam a2200205Ia 4500
001 19861
003 GE_BSU
008 181216s||||||||xx |||||||||||||| ||und||
040 _cGE_BSU
080 _a02
245 _aსაქართველოს კანონი ეროვნული საარქივო ფონდისა და ეროვნული არქივის შესახებ. 2006წ. 29 დეკემბერი
260 _aთბილისი
260 _c?
541 _h2ლ.30თ.
653 _a2006წ. 29 დეკემბერი
653 _aბიბლიოთეკარი
653 _aსაქართველოს კანონი ეროვნული საარქივო ფონდისა და ეროვნული არქივის შესახებ
653 _aქსეროქსი
942 _cBK
999 _c52831
_d52831